[Event "HZ Chess Tournament 2019"]
[Site "Vlissingen"]
[Date "2019.08.08"]
[Round "7.36"]
[White "Reichardt, Robin"]
[Black "Volkers, Annemarie"]
[Result "1/2-1/2"]
[WhiteElo "1811"]
[BlackElo "1966"]
[PlyCount "71"]
[EventCountry "NED"]

1. d4 d5 2. c4 Nc6 3. Nc3 dxc4 4. Nf3 e6 5. e4 Bb4 6. Bxc4 Nf6 7. Qd3 O-O 8.
Bg5 Be7 9. O-O h6 10. Bf4 Nb4 11. Qe2 a6 12. Rfd1 b5 13. Bb3 Bb7 14. a3 Nc6 15.
d5 exd5 16. Nxd5 Nxd5 17. Bxd5 Qe8 18. Bxc7 Rc8 19. Bf4 Ba8 20. Rac1 Kh8 21.
Qe3 g5 22. Be5+ Nxe5 23. Nxe5 Rxc1 24. Rxc1 Bxd5 25. exd5 Bf6 26. Re1 Bg7 27.
Nd3 Qd7 28. Nb4 a5 29. Na2 Qxd5 30. Nc3 Qb3 31. Ne4 Qxe3 32. Rxe3 Bxb2 33. Rb3
Re8 34. Ng3 Re1+ 35. Nf1 Bd4 36. Rxb5 1/2-1/2

[Event "HZ Chess Tournament 2019"]
[Site "Vlissingen"]
[Date "2019.08.08"]
[Round "7.37"]
[White "De Wolf, Johan"]
[Black "Van Dijkhuizen, Robbert"]
[Result "1/2-1/2"]
[WhiteElo "2075"]
[BlackElo "1819"]
[PlyCount "44"]
[EventCountry "NED"]

1. d4 Nf6 2. Nf3 e6 3. c4 b6 4. g3 Ba6 5. b3 Bb4+ 6. Bd2 Be7 7. Bg2 Bb7 8. Nc3
O-O 9. Qc2 d5 10. cxd5 Nxd5 11. Nxd5 exd5 12. O-O Nd7 13. Bf4 c5 14. dxc5 Bxc5
15. Rad1 Rc8 16. Qd3 h6 17. Nd4 Qf6 18. Nb5 Ne5 19. Qd2 Ba6 20. a4 Bxb5 21.
axb5 d4 22. Bxe5 Qxe5 1/2-1/2

[Event "HZ Chess Tournament 2019"]
[Site "Vlissingen"]
[Date "2019.08.08"]
[Round "7.38"]
[White "Van Der Straeten, Lieven"]
[Black "Oosting, Robert"]
[Result "0-1"]
[WhiteElo "1809"]
[BlackElo "1962"]
[PlyCount "40"]
[EventCountry "NED"]

1. Nc3 Nf6 2. e4 d6 3. Bc4 c5 4. d3 e6 5. f4 Nc6 6. Bb3 Be7 7. Nf3 O-O 8. O-O
d5 9. Qe1 Nd4 10. Ne5 b5 11. a4 c4 12. Ba2 Nxc2 13. Qg3 Nxa1 14. f5 b4 15. Bh6
Nh5 16. Qg4 bxc3 17. Nc6 Qb6+ 18. d4 Qxc6 19. Bxg7 exf5 20. exf5 Nxg7 0-1

[Event "HZ Chess Tournament 2019"]
[Site "Vlissingen"]
[Date "2019.08.08"]
[Round "7.39"]
[White "Van Rij, Gert"]
[Black "De Wilde, Steven"]
[Result "1/2-1/2"]
[WhiteElo "1960"]
[BlackElo "1771"]
[PlyCount "52"]
[EventCountry "NED"]

1. d4 e6 2. c4 Nf6 3. Nc3 d5 4. cxd5 exd5 5. Bg5 Nbd7 6. e3 Be7 7. Bd3 O-O 8.
Nf3 Re8 9. O-O Nf8 10. h3 Ne6 11. Bh4 c6 12. Qc2 g6 13. Rab1 Ng7 14. b4 Bf5 15.
Bxf5 Nxf5 16. Bxf6 Bxf6 17. b5 Nd6 18. bxc6 bxc6 19. Rfc1 Nc4 20. Qa4 Qd6 21.
Qa6 Bd8 22. Rb7 Bb6 23. Ng5 Bc7 24. Nf3 Bb6 25. Ng5 Bc7 26. Nf3 Bb6 1/2-1/2

[Event "HZ Chess Tournament 2019"]
[Site "Vlissingen"]
[Date "2019.08.08"]
[Round "7.40"]
[White "Hahnen, Elke"]
[Black "Tibke, Jonas"]
[Result "0-1"]
[WhiteElo "1803"]
[BlackElo "1937"]
[PlyCount "72"]
[EventCountry "NED"]

1. d4 Nf6 2. e3 d5 3. Bd3 c5 4. f4 Bg4 5. Nf3 cxd4 6. exd4 Nc6 7. c3 e6 8. Qe2
Qc7 9. O-O g6 10. Qe1 Bxf3 11. Rxf3 O-O-O 12. b3 Bg7 13. Bb2 Ne7 14. Nd2 Nf5
15. a4 h5 16. Ba3 Bh6 17. Qe5 Ng4 18. Qxc7+ Kxc7 19. Re1 Rc8 20. g3 Kd7 21.
Bb5+ Kd8 22. Bc5 b6 23. Bb4 a5 24. Ba3 Bg7 25. Rd3 Rxc3 26. Nf3 Rxd3 27. Bxd3
Nxd4 28. Ng5 Nh6 29. Kg2 Nxb3 30. Rb1 Nc5 31. Be2 Nxa4 32. Rc1 Nc3 33. Bd3 Kd7
34. h3 b5 35. Rc2 b4 36. Bc1 a4 0-1

[Event "HZ Chess Tournament 2019"]
[Site "Vlissingen"]
[Date "2019.08.08"]
[Round "7.41"]
[White "Van Gemert, Rogier"]
[Black "Klein, Jorik"]
[Result "1/2-1/2"]
[WhiteElo "1933"]
[BlackElo "1804"]
[PlyCount "82"]
[EventCountry "NED"]

1. Nf3 Nf6 2. b3 g6 3. Bb2 Bg7 4. c4 d6 5. d4 O-O 6. e3 c5 7. Be2 b6 8. O-O
Nfd7 9. Nc3 cxd4 10. Nxd4 Bb7 11. Bf3 Qc8 12. Nd5 Re8 13. Qe2 Ne5 14. e4 Nxf3+
15. Qxf3 Nc6 16. Nxc6 Bxc6 17. Bxg7 Kxg7 18. Rac1 Qb7 19. Rfe1 Rac8 20. Qf4
Bxd5 21. exd5 Qd7 22. g4 e5 23. dxe6 fxe6 24. Rcd1 Rcd8 25. Rd3 e5 26. Qg3 Qf7
27. Red1 Re6 28. Rd5 Qf6 29. a4 Rf8 30. Kg2 Qe7 31. g5 e4 32. Qc3+ Kg8 33. Qd4
e3 34. fxe3 Rxe3 35. Rd2 Re4 36. Qd3 Rg4+ 37. Kh3 Rff4 38. Rxd6 Rh4+ 39. Kg2
Rhg4+ 40. Kh3 Rh4+ 41. Kg2 Rhg4+ 1/2-1/2

[Event "HZ Chess Tournament 2019"]
[Site "Vlissingen"]
[Date "2019.08.08"]
[Round "7.42"]
[White "Steijn, Sjaak"]
[Black "Oostvogels, Niek"]
[Result "0-1"]
[WhiteElo "1734"]
[BlackElo "1929"]
[PlyCount "78"]
[EventCountry "NED"]

1. d4 d5 2. c4 c6 3. Nf3 Nf6 4. Nc3 dxc4 5. e4 b5 6. e5 Nd5 7. Ng5 e6 8. Qh5 g6
9. Qf3 Qd7 10. Nge4 Be7 11. h4 Bb7 12. Bg5 Na6 13. Bxe7 Qxe7 14. Nd6+ Kf8 15.
a3 Rb8 16. g4 Nxc3 17. Qxc3 Nc7 18. Qd2 Ne8 19. Qh6+ Kg8 20. Nxb7 Rxb7 21. Bg2
Rc7 22. O-O Qf8 23. Qe3 h5 24. g5 Ng7 25. Be4 Kh7 26. Qf3 Nf5 27. Bxf5 gxf5 28.
Rac1 Qd8 29. Rfd1 Qd5 30. Kg2 Rd8 31. Rd2 Rcd7 32. Rcd1 c5 33. Qxd5 Rxd5 34.
Kf3 Rxd4 35. Rxd4 Rxd4 36. Rxd4 cxd4 37. Ke2 d3+ 38. Kd2 f4 39. b3 Kg6 0-1

[Event "HZ Chess Tournament 2019"]
[Site "Vlissingen"]
[Date "2019.08.08"]
[Round "7.43"]
[White "Braun, Eric"]
[Black "Welten, Hans"]
[Result "1-0"]
[WhiteElo "1602"]
[BlackElo "1887"]
[PlyCount "81"]
[EventCountry "NED"]

1. d4 d5 2. Nf3 Nf6 3. Bf4 e6 4. e3 c6 5. c3 Bd6 6. Bg3 Qe7 7. Nbd2 Nbd7 8. Ne5
O-O 9. Bd3 Rd8 10. f4 Nf8 11. Qf3 Bd7 12. h4 Be8 13. h5 b5 14. Bh4 Rdb8 15. O-O
Qd8 16. b4 a5 17. a3 Ra6 18. Nb3 axb4 19. cxb4 Rba8 20. Na5 Be7 21. Rfc1 Qd6
22. Rc5 Rb6 23. g4 Raa6 24. Kh1 Qd8 25. Bxf6 Bxf6 26. g5 Be7 27. Rcc1 f6 28.
gxf6 Bxf6 29. Qg4 Qe7 30. Rg1 Bxe5 31. fxe5 Qf7 32. h6 g6 33. Raf1 Qe7 34. Rf6
Ra7 35. Rgf1 Nd7 36. Rxe6 Qd8 37. Bxg6 Bxg6 38. Rxg6+ Kh8 39. Nxc6 Rxc6 40.
Rxc6 Rxa3 41. Qg7# 1-0

[Event "HZ Chess Tournament 2019"]
[Site "Vlissingen"]
[Date "2019.08.08"]
[Round "7.44"]
[White "Dittmar, Lars"]
[Black "Pang, Khai Jie Ryan"]
[Result "1/2-1/2"]
[WhiteElo "1882"]
[BlackElo "1770"]
[PlyCount "58"]
[EventCountry "NED"]

1. e4 c5 2. Nf3 e6 3. d4 cxd4 4. Nxd4 a6 5. c4 Nf6 6. Bd3 Nc6 7. Nf3 Qc7 8. O-O
Be7 9. Nc3 O-O 10. a3 b6 11. b4 Bb7 12. Qe2 d6 13. Rd1 Nd7 14. Bf4 Nde5 15.
Rac1 Nxf3+ 16. Qxf3 Ne5 17. Qg3 f6 18. Qh3 Bc8 19. Nb1 Qc6 20. Nd2 Nf7 21. Qe3
Bb7 22. Nb3 e5 23. Bg3 f5 24. b5 axb5 25. cxb5 Qd7 26. exf5 Rxa3 27. Bc4 Qxf5
28. Qxb6 Ba8 29. Qc7 Bg5 1/2-1/2

[Event "HZ Chess Tournament 2019"]
[Site "Vlissingen"]
[Date "2019.08.08"]
[Round "7.45"]
[White "Hendrix, Joachim"]
[Black "Bartels, Simon"]
[Result "1-0"]
[WhiteElo "1871"]
[BlackElo "1686"]
[PlyCount "93"]
[EventCountry "NED"]

1. Nf3 g6 2. g3 Bg7 3. d3 e5 4. Bg2 d5 5. c4 dxc4 6. Qa4+ c6 7. Qxc4 Be6 8. Qc2
Ne7 9. Ng5 Bc8 10. Na3 O-O 11. e4 Na6 12. Bd2 b5 13. Rd1 h6 14. Nf3 Be6 15. O-O
Qd6 16. d4 exd4 17. Bf4 Qd7 18. Ne5 Bxe5 19. Bxe5 c5 20. Bf6 Kh7 21. b4 Ng8 22.
e5 Rac8 23. bxc5 Nxf6 24. exf6 Rxc5 25. Qd2 Rd8 26. Rfe1 d3 27. Qa5 d2 28. Rxe6
fxe6 29. Qxa6 Rc1 30. Bf3 Qd4 31. Qxe6 Qd7 32. Qb3 Rf8 33. Qb2 Rxd1+ 34. Bxd1
Qd6 35. Nxb5 Qb6 36. Qe5 Qxf6 37. Qe3 Rf7 38. Qxd2 Qb6 39. Nc3 Qf6 40. Bb3 Rg7
41. h4 Qe5 42. Nd5 g5 43. hxg5 hxg5 44. Qd3+ Kh8 45. Ne3 Rh7 46. Qd8+ Kg7 47.
Qg8+ 1-0

[Event "HZ Chess Tournament 2019"]
[Site "Vlissingen"]
[Date "2019.08.08"]
[Round "7.46"]
[White "Leentjens, Gilbert"]
[Black "Muenk, Johannes"]
[Result "1-0"]
[WhiteElo "1869"]
[BlackElo "1697"]
[PlyCount "55"]
[EventCountry "NED"]

1. e4 c5 2. b4 cxb4 3. a3 bxa3 4. d4 e6 5. Nf3 d5 6. e5 Ne7 7. Bd3 Ng6 8. O-O
Be7 9. Nxa3 O-O 10. h4 Nxh4 11. Nxh4 Bxh4 12. g3 Be7 13. Bxh7+ Kxh7 14. Qh5+
Kg8 15. Kg2 f6 16. Rh1 fxe5 17. dxe5 Rf5 18. Qh7+ Kf7 19. Rh6 Qg8 20. Qg6+ Kf8
21. Rh7 Bd7 22. Bh6 Rf7 23. Rh1 Bxa3 24. Bxg7+ Rxg7 25. Qf6+ Rf7 26. Rxf7+ Ke8
27. Rhh7 a5 28. Re7+ 1-0

[Event "HZ Chess Tournament 2019"]
[Site "Vlissingen"]
[Date "2019.08.08"]
[Round "7.47"]
[White "Minnema, Rens"]
[Black "Fritsche, Alan"]
[Result "1/2-1/2"]
[WhiteElo "1861"]
[BlackElo "1657"]
[PlyCount "48"]
[EventCountry "NED"]

1. e4 e5 2. Nf3 Nc6 3. Bb5 Nf6 4. d3 Bc5 5. O-O d6 6. Bxc6+ bxc6 7. c3 O-O 8.
h3 h6 9. Re1 Qe7 10. Nbd2 Nh7 11. d4 Bb6 12. dxe5 dxe5 13. Nc4 f6 14. Be3 Be6
15. Bxb6 axb6 16. Ne3 Ng5 17. Nxg5 hxg5 18. a3 Rfd8 19. Qc2 Qf7 20. c4 Rd4 21.
Rac1 Rad8 22. Red1 Rxd1+ 23. Rxd1 Rxd1+ 24. Qxd1 Bxc4 1/2-1/2

[Event "HZ Chess Tournament 2019"]
[Site "Vlissingen"]
[Date "2019.08.08"]
[Round "7.48"]
[White "Silkaitis, Laimis"]
[Black "Altenbernd, Dirk"]
[Result "1/2-1/2"]
[WhiteElo "1678"]
[BlackElo "1859"]
[PlyCount "36"]
[EventCountry "NED"]

1. d4 g6 2. g3 Bg7 3. Bg2 d6 4. e4 e5 5. Ne2 Nc6 6. d5 Nce7 7. O-O Nf6 8. h3
O-O 9. Be3 Ne8 10. Nbc3 f5 11. Qd2 fxe4 12. Nxe4 Nf5 13. Bg5 Nf6 14. Nxf6+ Bxf6
15. Bxf6 Qxf6 16. c4 Bd7 17. Kh2 a5 18. b3 b6 1/2-1/2

[Event "HZ Chess Tournament 2019"]
[Site "Vlissingen"]
[Date "2019.08.08"]
[Round "7.49"]
[White "Ng, Eng Soon Derrick"]
[Black "Nellen, Marcel"]
[Result "0-1"]
[WhiteElo "1190"]
[BlackElo "1854"]
[PlyCount "60"]
[EventCountry "NED"]

1. e4 e6 2. d3 d5 3. Qe2 d4 4. Nf3 c5 5. g3 Nc6 6. Bg2 e5 7. O-O Be7 8. c3 Be6
9. cxd4 cxd4 10. Nbd2 b5 11. Qd1 Rb8 12. a4 Qa5 13. b3 Qc3 14. Ba3 Bxa3 15.
Rxa3 Qxd3 16. Qc1 Qc3 17. b4 Qxc1 18. Rxc1 Nge7 19. axb5 Rxb5 20. Nc4 O-O 21.
Na5 Nxb4 22. Rc7 Re8 23. Rxa7 d3 24. Nb7 Nc8 25. Ra8 Rxb7 26. Bf1 f6 27. Bxd3
Nxd3 28. Rxd3 Rb1+ 29. Kg2 Bc4 30. Rc3 Bf1+ 0-1

[Event "HZ Chess Tournament 2019"]
[Site "Vlissingen"]
[Date "2019.08.08"]
[Round "7.50"]
[White "Brandstaetter, Mark Pieter"]
[Black "Westerweele, Maarten"]
[Result "0-1"]
[WhiteElo "1652"]
[BlackElo "1847"]
[PlyCount "120"]
[EventCountry "NED"]

1. e4 e6 2. d3 d5 3. Qe2 Be7 4. Nf3 c5 5. g3 Nf6 6. Bg2 Nc6 7. O-O O-O 8. e5
Nd7 9. c4 d4 10. h4 f6 11. exf6 Nxf6 12. Bh3 Kh8 13. Bxe6 Bxe6 14. Qxe6 Bd6 15.
Ng5 Qc7 16. Na3 a6 17. Qe2 Rae8 18. Qd1 h6 19. Nh3 Bxg3 20. f4 Qd7 21. Nf2 Bxh4
22. Nc2 Bxf2+ 23. Rxf2 Qg4+ 24. Qxg4 Nxg4 25. Rg2 h5 26. Bd2 Re7 27. b4 Ne3 28.
Bxe3 dxe3 29. bxc5 Rxf4 30. Re1 Nd4 31. Rxe3 Nf3+ 32. Kf2 Ref7 33. Ke2 Nh4 34.
Rh2 g6 35. d4 Nf5 36. Re8+ Kg7 37. Rd8 Ng3+ 38. Kd1 Ne4 39. Kc1 Nf2 40. Kb2 Rf3
41. Nb4 a5 42. Nd5 a4 43. Nb6 a3+ 44. Kc2 Nd3 45. Rd7 Nb4+ 46. Kd1 Rxd7 47.
Nxd7 Rf1+ 48. Kd2 Ra1 49. Kc3 Nxa2+ 50. Kb3 Nc1+ 51. Ka4 a2 52. Ka3 Rb1 53.
Rxa2 Nxa2 54. Kxa2 Re1 55. d5 h4 56. d6 h3 57. Nb6 h2 58. d7 h1=Q 59. d8=Q Re2+
60. Kb3 Qb1+ 0-1